000 00228 a2200097 4500
001 12814
100 _aKintsch,W
245 _aComprehension A paradigm for cognition
260 _a
_bCambridge University
_c
090 _c9793
_d9793
942 _aNUST-CAE
_cM
_c36703
999 _c247887
_d247887